| 000 | 01154cab a2200181 4500 | ||
|---|---|---|---|
| 001 | ##L133689 | ||
| 008 | 060602n2006 000 0 eng u | ||
| 035 | _a(Sirsi) u133689 | ||
| 041 | 0 | _aeng | |
| 100 | 1 | _aMinson, Andrew | |
| 245 | 0 | 4 | _aThe potential of precast concrete's fabric energy storage is being realised for new construction |
| 260 | _c2006 | ||
| 490 | 0 |
_aArchitects' Journal _v21(223) 1 June 2006, 50-51(2) |
|
| 520 | _aReports on those properties in precast concrete which make it particularly suitable for sustainable construction compared with other materials. Fabric energy storagereduces the need for heating and air conditioning, reducing capital costs by 5-20%. In addition, the fire resistance, sound insulation, minimum vibration and long life of this type of concrete reduces the need for protective coatings, preservative treatments, and vibration-damper systems. The precast industry is also seeking ways to reduce the energy and materials used in manufacturing the product. | ||
| 590 | _aIKA060606 | ||
| 690 | _aBUILT ENVIRONMENT-BUILDING MATERIALS-CEMENTITIOUS, CONCRETE AND MINERAL BOUND MATERIALS-CONCRETE | ||
| 942 | _n0 | ||
| 999 |
_c77156 _d77156 |
||